| 000 | 00000nam##2200000za#4500 |
| 001 | 9.679260 |
| 003 | CaOODSP |
| 005 | 20200401074520 |
| 007 | ta |
| 008 | 150407|1994||||xxc||||| f|0| 0 fre|d |
| 020 | |a0-662-99271-7 |
| 040 | |aCaOODSP|bfre |
| 043 | |an-cn--- |
| 086 | 1 |aEn40-223/1-1994F |
| 110 | 1 |aCanada. |bEnvironnement Canada. |bService de la protection de l'environnement. |
| 245 | 10|aProgramme d'enlèvement des sédiments contaminés / |cPublié par le cadre du Fonds d'assainissement des Grands Lacs. |
| 260 | |aToronto - Ontario : |bEnvironnement Canada. |c1994. |
| 300 | |a19p. : |bill. en couleur, graphiques ; |c28 cm. |
| 500 | |a«La présente publication concerne l'assainissement des sédiments dans le bassin des Grands Lacs. Elle présente un programme unique, le Programme d'enlèvement des sédiments contaminés, auquel participent les gouvernements, l'industrie, les collectivités et les citoyens intéressés. Elle décrit également des technologies novatrices, en voie d'être reconnues à l'échelle mondiale, et des débouchés pour la commercialisation à l'étranger de ces techniques de pointe par les sociétés canadiennes.»--Introduction. |
| 520 | 3 |aLa présente publication concerne l'assainissement des sédiments dans le bassin des Grands Lacs. Elle présente un programme unique, le Programme d'enlèvement des sédiments contaminés, auquel participent les gouvernements, l'industrie, les collectivités et les citoyens intéressés. Elle décrit également des technologies novatrices, en voie d'être reconnues à l'échelle mondiale, et des débouchés pour la commercialisation à l'étranger de ces techniques de pointe par les sociétés canadiennes.--Introduction |
| 563 | |aReliure à anneaux |
| 590 | |a95-04|b1995-01-27 |
| 691 | 07|aContamination|2gcpds |
| 691 | 07|aPollution de l'eau|2gcpds |
| 775 | 08|tContaminated Sediment Removal Program |w(CaOODSP)9.645603 |